The bar code tattoo / (Record no. 2439)
[ view plain ]
| 000 -LEADER | |
|---|---|
| fixed length control field | 00980cam a22002894a 4500 |
| 005 - DATE AND TIME OF LATEST TRANSACTION | |
| control field | 20231208141810.0 |
| 020 ## - INTERNATIONAL STANDARD BOOK NUMBER | |
| International Standard Book Number | 0439395623 (pbk.) |
| 040 ## - CATALOGING SOURCE | |
| Original cataloging agency | OCO |
| Transcribing agency | OCO |
| Modifying agency | DLC |
| 050 00 - LIBRARY OF CONGRESS CALL NUMBER | |
| Classification number | PZ7.W539 |
| Item number | Bar 2004 |
| 082 00 - DEWEY DECIMAL CLASSIFICATION NUMBER | |
| Classification number | [Fic] |
| Edition number | 22 |
| 100 1# - MAIN ENTRY--PERSONAL NAME | |
| Personal name | Weyn, Suzanne. |
| 245 14 - TITLE STATEMENT | |
| Title | The bar code tattoo / |
| Statement of responsibility, etc. | Suzanne Weyn. |
| 260 ## - PUBLICATION, DISTRIBUTION, ETC. | |
| Place of publication, distribution, etc. | New York : |
| Name of publisher, distributor, etc. | Scholastic, |
| Date of publication, distribution, etc. | 2004 |
| 300 ## - PHYSICAL DESCRIPTION | |
| Extent | 252 pages ; |
| Dimensions | 18 cm |
| 490 ## - SERIES STATEMENT | |
| Materials specified | The Bar Code Tattoo Trilogy |
| Series statement | Book 1 |
| 505 ## - FORMATTED CONTENTS NOTE | |
| Formatted contents note | M |
| 520 ## - SUMMARY, ETC. | |
| Summary, etc. | Things for Kayla progress from bad, as in being told her computer grades disqualify her from an art scholarship, to worse, when she refuses to accept an identification bar code tattoo on her seventeenth birthday.<br/> |
| 521 ## - TARGET AUDIENCE NOTE | |
| Target audience note | 720 <br/> |
| Source | Lexile |
| 521 ## - TARGET AUDIENCE NOTE | |
| Target audience note | M <br/> |
| Source | Raz-Plus |
| 650 #1 - SUBJECT ADDED ENTRY--TOPICAL TERM | |
| Topical term or geographic name entry element | Identity |
| Form subdivision | Fiction. |
| 650 #1 - SUBJECT ADDED ENTRY--TOPICAL TERM | |
| Topical term or geographic name entry element | Conformity |
| Form subdivision | Fiction. |
| 650 #1 - SUBJECT ADDED ENTRY--TOPICAL TERM | |
| Topical term or geographic name entry element | High schools |
| Form subdivision | Fiction. |
| 650 #1 - SUBJECT ADDED ENTRY--TOPICAL TERM | |
| Topical term or geographic name entry element | Science fiction. |
| 906 ## - LOCAL DATA ELEMENT F, LDF (RLIN) | |
| a | 7 |
| b | cbc |
| c | copycat |
| d | 2 |
| e | ncip |
| f | 20 |
| g | y-gencatlg |
| 942 ## - ADDED ENTRY ELEMENTS (KOHA) | |
| Source of classification or shelving scheme | Dewey Decimal Classification |
| Koha item type | Books |
| Suppress in OPAC | No |
| 999 ## - | |
| -- | 2439 |
| -- | 2439 |
| Withdrawn status | Lost status | Source of classification or shelving scheme | Damaged status | Not for loan | Collection | Home library | Current library | Shelving location | Date acquired | Total Checkouts | Full call number | Barcode | Date last seen | Price effective from | Koha item type |
|---|---|---|---|---|---|---|---|---|---|---|---|---|---|---|---|
| Dewey Decimal Classification | Juvenile Fiction | Footprints International School Library Network Toul Kork Campus | Footprints International School Library Network Toul Kork Campus | 12/07/2023 | WEY Fic PZ7.W539 Bar 2004 | 2023-0766 | 12/07/2023 | 12/07/2023 | Books |
